| 000 | 00570nam a22001577a 4500 | ||
|---|---|---|---|
| 003 | NUST | ||
| 038 | _aZafar Iqbal. | ||
| 082 | _aMSIT-12 SHE | ||
| 100 |
_aMuhammad Sheraz Anjum _927213 |
||
| 245 | _aAutomatic formulation of SQL group by and HAVING statements using the ontology driven relational query formulation framework | ||
| 260 |
_aIslamabad _bNUST-SEECS _c2015 |
||
| 300 |
_a113p. _eCD Include |
||
| 500 | _aSupervisors: Dr. Kamran Munir, Dr. Sharifullah Khan, Dr. Noman Javed | ||
| 856 | _uhttp://10.250.8.41:8080/xmlui/handle/123456789/9975 | ||
| 942 |
_cPR _2ddc |
||
| 999 |
_c13353 _d13353 |
||